• 首页
  • 本馆介绍
  • 公告通知
  • 最新文献
  • 馆藏检索
  • 电子资源
  • 读者导购
  • 参考咨询
  • 我的图书馆
  • 登录
  • 详细信息显示
  • 放入我的书架
  • 预约/预借图书
  • 作者相关作品
  • 分类相关作品
  • 丛书相关作品
  • 出版社相关作品

书目信息

  • 表格格式
  • 工作单格式
  • 卡片格式
题名:
考研英语阅读理解报刊真题题源精选精练
    
 
作者: 舒洋 主编
分册:   基础篇
出版信息: 北京   中国石化出版社  2014
页数: 238页
开本: 26cm
丛书名:
单 册:
中图分类: H319.37-44
科图分类:
主题词: 英语--Ying Yu--阅读--硕士生--入学考试--习题集
电子资源:
ISBN: 978-7-5114-2674-1
000 00878nam0 22002411 450
001 0101082430
005 20161202091307.76
010    @a978-7-5114-2674-1@dCNY35.00
100    @a20140504d2014 em y0chiy50 ea
101 0  @achi@aeng
102    @aCN@b110000
105    @ay zq 000yy
106    @ar
200 1  @a考研英语阅读理解报刊真题题源精选精练@AKao Yan Ying Yu Yue Du Li Jie Bao Kan Zhen Ti Ti Yuan Jing Xuan Jing Lian@i基础篇@f舒洋主编
210    @a北京@c中国石化出版社@d2014
215    @a238页@d26cm
300    @a适合英语一、二
330    @a本书包括50篇报刊原文,均选自国内外权威报刊资料,每篇文章包括报刊原文、译文、真题词汇、长难句解析、试题演练和文化冲浪等板块。
606 0  @a英语@AYing Yu@x阅读@x硕士生@x入学考试@j习题集
690    @aH319.37-44@v5
701  0 @a舒洋@AShu Yang@4主编
801  0 @aCN@bTANGWEI@c20161128
905    @b0951260-4@dH319.37-44@e187@f5
    
    考研英语阅读理解报刊真题题源精选精练.基础篇/舒洋主编.-北京:中国石化出版社,2014
    238页;26cm
    适合英语一、二
    
    ISBN 978-7-5114-2674-1:CNY35.00
    本书包括50篇报刊原文,均选自国内外权威报刊资料,每篇文章包括报刊原文、译文、真题词汇、长难句解析、试题演练和文化冲浪等板块。
●
相关链接 在E读中查询图书 在五车中查询图书 在当当中查询图书 在豆瓣中查询图书


正题名:考研英语阅读理解报刊真题题源精选精练     索取号:H319.37-44/187         预约/预借

序号 登录号 条形码 馆藏地/架位号 状态 备注
1 0951260   209512605   第二样本阅览室/ [索取号:H319.37-44/187] 在馆    
2 0951261   209512614   第四借阅区/ [索取号:H319.37-44/187] 在馆    
3 0951262   209512623   第四借阅区/ [索取号:H319.37-44/187] 在馆    
4 0951263   209512632   第四借阅区/ [索取号:H319.37-44/187] 在馆    
5 0951264   209512641   第四借阅区/ [索取号:H319.37-44/187] 在馆    
唐山师范学院图书馆 欢迎您!
大连网信软件有限公司© 版权所有